000 nam a22 7a 4500
999 _c8423
_d8423
008 180116b ||||| |||| 00| 0 eng d
100 _94824
_aRANGANATHAN .P ET AL
245 _aPHYSICAL EDUCATION LAB-XI
260 _aNEW DELHI
_bROHIT PUB
_c2016